| 000 | 00774nam a2200217 i 4500 | ||
|---|---|---|---|
| 003 | IT-RoINE | ||
| 005 | 20221201135036.0 | ||
| 008 | 971112s1996 sp | r ||| ||cat d | ||
| 040 |
_aSpMaBN _cSpMaBN IT-RoINE _dIT-RoINE |
||
| 100 | 1 |
_aMarquès, Josep M., _d1939-2007 _95404 |
|
| 245 | 1 | 0 |
_aFornells : _bl'església i l'Església / _cJosep M. Marquès. |
| 260 |
_aFornells : _bParròquia de San Cugat de Fornells de la Selva, _c1996. |
||
| 300 |
_a82 p. : _bil. ; _c21 cm. |
||
| 336 |
_2rdacontent _atext |
||
| 337 |
_2rdamedia _aunmediated |
||
| 338 |
_2rdacarrier _avolume |
||
| 490 | 0 |
_aCol·lecció Sant Feliú ; _v20 |
|
| 610 | 2 | 4 |
_aParroquia de San Cugat (Fornells de la Selva, España) _949464 _xHistoria |
| 830 | 1 |
_946467 _aCol·lecció Sant Feliú ; _v20 |
|
| 942 | _cMTS | ||
| 999 |
_c24933 _d24933 |
||